000 00401pab a2200145 454500
008 180718b1996 xxu||||| |||| 00| 0 eng d
100 _aLee, Hansang
245 _aInter-industrial externality, production effects and theory of international trade
260 _c1996
300 _ap.91-99
362 _aJan-Jun
650 _aInternational trade
773 _aIndian Economic Review
909 _a37349
999 _c37349
_d37349